ABC về hiến pháp : 83 câu hỏi - đáp
Nội dung sách giới thiệu khái quát về Hiến pháp và sửa đổi Hiến pháp. Các nội dung cơ bản của Hiến pháp Việt Nam sửa đổi.
Gespeichert in:
| Format: | Buch |
|---|---|
| Sprache: | Undetermined |
| Veröffentlicht: |
Hà Nội
Thế Giới
2013
|
| Schlagworte: | |
| Tags: |
Tag hinzufügen
Keine Tags, Fügen Sie den ersten Tag hinzu!
|
| Thư viện lưu trữ: | Trung tâm Học liệu Trường Đại học Cần Thơ |
|---|
| LEADER | 00800nam a2200205Ia 4500 | ||
|---|---|---|---|
| 001 | CTU_210979 | ||
| 008 | 210402s9999 xx 000 0 und d | ||
| 082 | |a 342.597 | ||
| 082 | |b A100 | ||
| 245 | 0 | |a ABC về hiến pháp : | |
| 245 | 0 | |b 83 câu hỏi - đáp | |
| 245 | 0 | |c Nguyễn Đăng Dung (biên soạn)... [et al.] | |
| 260 | |a Hà Nội | ||
| 260 | |b Thế Giới | ||
| 260 | |c 2013 | ||
| 520 | |a Nội dung sách giới thiệu khái quát về Hiến pháp và sửa đổi Hiến pháp. Các nội dung cơ bản của Hiến pháp Việt Nam sửa đổi. | ||
| 650 | |a Constitutional law,Luật, Hiến pháp | ||
| 650 | |y Vietnam,Việt Nam | ||
| 904 | |i Qhieu | ||
| 980 | |a Trung tâm Học liệu Trường Đại học Cần Thơ | ||